Name all Pokemon Games - Statistics

General Stats
  • This quiz has been taken 628 times
  • The average score is 44 of 91
Answer Stats
Year Mainline Game % Correct
1998 Pokemon Red
99%
2013 Pokemon Y
99%
1998 Pokemon Blue
98%
2016 Pokemon Go
98%
2013 Pokemon X
97%
1999 Pokemon Yellow
95%
2000 Pokemon Gold
94%
2011 Pokemon Black
93%
2000 Pokemon Silver
93%
2011 Pokemon White
93%
2007 Pokemon Diamond
91%
2003 Pokemon Ruby
91%
2005 Pokemon Emerald
89%
2003 Pokemon Sapphire
89%
2007 Pokemon Pearl
86%
2016 Pokemon Moon
81%
2019 Pokemon Shield
81%
2016 Pokemon Sun
81%
2019 Pokemon Sword
81%
2004 Pokemon FireRed
79%
2009 Pokemon Platinum
79%
2004 Pokemon LeafGreen
78%
2012 Pokemon Black 2
76%
2010 Pokemon SoulSilver
76%
2012 Pokemon White 2
76%
2010 Pokemon HeartGold
75%
2022 Pokemon Violet
75%
2022 Pokemon Scarlet
73%
2001 Pokemon Crystal
72%
2022 Pokemon Legends: Arceus
72%
2018 Pokemon Let's Go Pikachu!
71%
2018 Pokemon Let's Go Eevee!
69%
2014 Pokemon Omega Ruby
68%
2017 Pokemon Ultra Moon
68%
2017 Pokemon Ultra Sun
68%
2014 Pokemon Alpha Sapphire
66%
2021 Pokemon Shining Pearl
65%
2021 Pokemon Brilliant Diamond
64%
1999 Pokemon Snap
63%
2025 Pokemon Legends: Z-A
54%
2000 Pokemon Stadium
49%
2004 Pokemon Colosseum
42%
2006 Pokemon Ranger
42%
2000 Pokemon Trading Card Game
41%
2003 Pokemon Pinball
38%
2001 Pokemon Stadium 2
38%
2005 Pokemon XD: Gale of Darkness
38%
2021 New Pokemon Snap
37%
2023 Pokemon Sleep
32%
2009 Pokemon Rumble
30%
2006 Pokemon Mystery Dungeon: Blue Rescue Team
29%
2006 Pokemon Mystery Dungeon: Red Rescue Team
29%
2009 Pokemon Mystery Dungeon: Explorers of Sky
27%
2016 Pokken Tournament
27%
2020 Pokemon Cafe Mix
26%
2018 Pokemon Quest
26%
2018 Detective Pikachu
25%
2000 Hey You Pikachu!
25%
2008 Pokemon Mystery Dungeon: Explorers of Time
25%
2010 PokePark Wii: Pikachu's Adventure
25%
2021 Pokemon Unite
24%
2019 Pokemon Master's EX
22%
2008 Pokemon Mystery Dungeon: Explorers of Darkness
22%
2015 Pokemon Super Mystery Dungeon
21%
2012 PokePark 2: Wonders Beyond
21%
2007 Pokemon Battle Revolution
20%
2008 Pokemon Ranger: Shadows of Almia
20%
2006 Pokemon Trozei!
20%
2008 My Pokemon Ranch
19%
2005 Pokemon Dash
19%
2020 Pokemon Mystery Dungeon: Rescue Team DX
19%
2012 Pokemon Conquest
18%
2000 Pokemon Puzzle League
18%
2004 Pokemon Channel
17%
2017 Pokemon Magikarp Jump
17%
2013 Pokemon Mystery Dungeon: Gates to Infinity
16%
2010 Pokemon Ranger: Guardian Signs
16%
2015 Pokemon Shuffle
16%
2023 Detective Pikachu Returns
15%
2004 Pokemon Box Ruby & Sapphire
15%
2013 Pokemon Rumble U
15%
2015 Pokemon Picross
14%
2011 Pokemon Rumble Blast
14%
2003 Pokemon Pinball: Ruby & Sapphire
13%
2015 Pokemon Rumble World
13%
2017 Pokken Tournament DX
12%
2014 Pokemon Battle Trozei
9%
2016 Pokemon Duel
9%
2000 Pokemon Puzzle Challenge
9%
2014 Pokemon Art Academy
8%
2019 Pokemon Rumble Rush
7%
No matching quizzes found
Score Distribution
Percent of People with Each Score
Percentile by Number Answered
Your Score History
You have not taken this quiz